اللمسة الواعية / (رقم التسجيلة. 43961)

تفاصيل مارك
000 -LEADER
fixed length control field 00571nam a22001937a 4500
005 - DATE AND TIME OF LATEST TRANSACTION
control field 20251108170558.0
008 - FIXED-LENGTH DATA ELEMENTS--GENERAL INFORMATION
fixed length control field 250721s9999 xx 000 0 ara d
082 14 - DEWEY DECIMAL CLASSIFICATION NUMBER
Classification number ط/812.9/يعق
100 1# - MAIN ENTRY--PERSONAL NAME
Personal name يعقوب، لوسي
245 10 - TITLE STATEMENT
Title اللمسة الواعية /
264 ## - PRODUCTION, PUBLICATION, DISTRIBUTION, MANUFACTURE, AND COPYRIGHT NOTICE
Name of producer, publisher, distributor, manufacturer دار الرشاد،
Date of production, publication, distribution, manufacture, or copyright notice [19-].
300 ## - PHYSICAL DESCRIPTION
Extent 16ص.
490 0# - SERIES STATEMENT
Series statement تمثيليات لطفلي
Volume/sequential designation 5
650 17 - SUBJECT ADDED ENTRY--TOPICAL TERM
Topical term or geographic name as entry element أدب الأطفال
650 17 - SUBJECT ADDED ENTRY--TOPICAL TERM
Topical term or geographic name as entry element المسرحيات العربية
653 ## - INDEX TERM--UNCONTROLLED
Uncontrolled term اطفال مرحلة متوسطة (6-9) سنوات
942 ## - ADDED ENTRY ELEMENTS (KOHA)
Source of classification or shelving scheme Dewey Decimal Classification
Koha item type كتب
المقتنيات
حالة السحب حالة الفقدان مصدر التصنيف حالة التلف غير قابل للإعارة المكتبة الرئيسية المكتبة الحالية موقع الرف تاريخ التزويد الرقم المتسلسل Total Checkouts رقم الإستدعاء الباركود تاريخ آخر ظهور تاريخ الفاتورة نوع المادة (كوها)
    Dewey Decimal Classification     المكتبة المركزية المكتبة المركزية الأطفال 31/01/2012 1508835   ط/812.9/يعق PLD00238724 28/07/2025 31/01/2012 كتب
    Dewey Decimal Classification     مكتبة الياسمين للأطفال مكتبة الياسمين للأطفال الأطفال 03/04/2014 348445   ط/812.9/يعق PLD00297798 28/07/2025 03/04/2014 كتب
    Dewey Decimal Classification     مكتبة حمزة العامة مكتبة حمزة العامة الأطفال 06/05/2018 1668332   ط/812.9/يعق PLD00420160 28/07/2025 06/05/2018 كتب
    Dewey Decimal Classification     مكتبة صويلح العامة مكتبة صويلح العامة الأطفال 29/07/2019 348460   ط/812.9/يعق PLD00460245 28/07/2025 29/07/2019 كتب
    Dewey Decimal Classification     مكتبة وادي السير العامة مكتبة وادي السير العامة الأطفال 31/08/2015 348452   ط/812.9/يعق PLD00343804 28/07/2025 31/08/2015 كتب
Implemented & Customized by: BBB with SCIT (Smart Chains for Information Technology)

Powered by Koha